000
00330 a2200157 4500
001
160360
020
_a
040
_c
Magnum
100
_a
Telles, Carlos Queiroz
240
1
0
_a
Tem bicho no parquinho
_l
por
245
1
0
_a
Tem bicho no parquinho
362
0
_a
1899
440
1
_a
Scipione
697
_a
I/ANIMAIS
942
_c
BK
999
_c
160360
_d
160360